000
00310nam a22001457a 4500
003
SGT
020
_a
978-93-85005-57-2
082
_a
615.53
_b
N18W
100
_a
BAIBHAW,AMIT
245
_a
NADI PRAKASH
260
_a
VARANASI
_b
CHAUKHAMBA PUB
_c
2016
300
_a
51
650
_a
AYURVEDA
942
_2
ddc
_c
BK
_0
1
999
_c
16585
_d
16585